| 000 | nam a22 a 4500 | ||
|---|---|---|---|
| 999 |
_c3652 _d3652 |
||
| 003 | AKMAL | ||
| 005 | 20170523144005.0 | ||
| 008 | 170523n2006 my | e 000 0 may d | ||
| 020 |
_a9831972201 (kkt.) : _cRM22.90 |
||
| 040 |
_aAKMAL _cAKMAL |
||
| 082 | 0 | 0 |
_a659.2 PER _222 |
| 090 |
_a659.2 _bPER |
||
| 245 | 0 | 0 | _aPerhubungan awam sasaran |
| 260 |
_aKuala Lumpur : _bSynergy Books International, _c[2004] |
||
| 300 |
_avi, 135p. ; _c22cm. |
||
| 650 | 0 |
_aPublic relations _94395 |
|
| 942 |
_2ddc _cBOOK |
||